Score 0/102 Timer 04:00
1 Play Today
State Name % Correct
DEMichael
67%
NJMichael
67%
NYMichael
67%
ALEmma
59.1%
AKEmma
59.1%
AREmma
59.1%
COEmma
59.1%
CTEmma
59.1%
GAEmma
59.1%
INEmma
59.1%
IAEmma
59.1%
KSEmma
59.1%
KYEmma
59.1%
LAEmma
59.1%
MEEmma
59.1%
MAEmma
59.1%
MIEmma
59.1%
MNEmma
59.1%
MSEmma
59.1%
MOEmma
59.1%
MTEmma
59.1%
NEEmma
59.1%
NHEmma
59.1%
NCEmma
59.1%
NDEmma
59.1%
OKEmma
59.1%
PAEmma
59.1%
SCEmma
59.1%
SDEmma
59.1%
TNEmma
59.1%
UTEmma
59.1%
WVEmma
59.1%
WIEmma
59.1%
WYEmma
59.1%
State Name % Correct
AKJames
56.1%
ALWilliam
52.3%
ARWilliam
52.3%
DCWilliam
52.3%
GAWilliam
52.3%
KYWilliam
52.3%
MSWilliam
52.3%
NCWilliam
52.3%
SCWilliam
52.3%
TNWilliam
52.3%
UTWilliam
52.3%
VAWilliam
52.3%
AZJacob
51.3%
CAJacob
51.3%
ILJacob
51.3%
TXJacob
51.3%
AZSophia
40.3%
CASophia
40.3%
DESophia
40.3%
DCSophia
40.3%
HISophia
40.3%
ILSophia
40.3%
MDSophia
40.3%
NVSophia
40.3%
NJSophia
40.3%
NMSophia
40.3%
NYSophia
40.3%
OHSophia
40.3%
ORSophia
40.3%
RISophia
40.3%
TXSophia
40.3%
VASophia
40.3%
WASophia
40.3%
IDOlivia
34.4%
State Name % Correct
FLIsabella
33.7%
VTAva
29.9%
NVAlexander
26.7%
HIEthan
25.4%
CTMason
24.5%
KSMason
24.5%
LAMason
24.5%
MEMason
24.5%
MDMason
24.5%
MIMason
24.5%
MNMason
24.5%
MOMason
24.5%
NHMason
24.5%
OHMason
24.5%
PAMason
24.5%
RIMason
24.5%
VTMason
24.5%
WAMason
24.5%
WVMason
24.5%
WIMason
24.5%
COLiam
23.5%
IDLiam
23.5%
INLiam
23.5%
IALiam
23.5%
MTLiam
23.5%
NELiam
23.5%
NDLiam
23.5%
ORLiam
23.5%
SDLiam
23.5%
WYLiam
23.5%
NMNoah
22.9%
MABenjamin
21.4%
FLJayden
15.7%
OKElijah
10.1%
Remove Ads.
Support Sporcle.
Get the best of Sporcle when you Go Orange. This ad-free experience offers more features, more stats, and more fun while also helping to support Sporcle. Thank you for becoming a member.

You're not logged in!

Compare scores with friends on all Sporcle quizzes.
OR
Log In

Show Comments

Extras

Top Quizzes Today


Score Distribution

Your Account Isn't Verified!

In order to create a playlist on Sporcle, you need to verify the email address you used during registration. Go to your Sporcle Settings to finish the process.

Report this User

Report this user for behavior that violates our Community Guidelines.

Details: